TWICE - Strategy - Statistics

General Stats
  • This quiz has been taken 426 times
  • The average score is 210 of 278
Answer Stats
Answer % Correct
i
96%
boy
93%
get
93%
go
92%
hey
92%
i'm
92%
you
92%
a
91%
on
90%
be
89%
ya
89%
good
88%
my
88%
me
87%
so
86%
strategy
86%
one
85%
step
85%
real
83%
two
83%
hi
82%
and
81%
bet
81%
when
81%
three
80%
gonna
79%
with
79%
your
79%
do
78%
the
76%
baby
75%
four
75%
look
75%
at
74%
glad
74%
highlight
74%
more
74%
that
74%
you'll
74%
met
73%
floor
72%
i'ma
72%
make
72%
say
72%
once
70%
radar
69%
wanna
69%
got
68%
in
68%
moonlight
68%
oh
68%
soon
68%
shine
67%
attention
66%
bright
66%
right
66%
shy
66%
to
66%
will
66%
heart
65%
no
65%
all
64%
closer
64%
eyes
64%
leave
64%
over
64%
even
63%
feeling
63%
reason
63%
bite
62%
come
62%
is
62%
looks
61%
shadow
61%
tight
61%
winning
61%
trademark
60%
you're
60%
little
59%
know
58%
way
58%
never
57%
plan
57%
move
56%
silhouette
56%
arrive
55%
ain't
54%
like
45%
ow
45%
don't
41%
knees
38%
gravity
37%
what
36%
cheeks
34%
down
34%
red
34%
up
34%
can't
33%
forget
32%
mine
32%
begging
30%
body
30%
dance
30%
calling
29%
loose
29%
said
29%
confused
28%
head
28%
til
27%
watching
22%
getting
21%
now
18%
things
18%
No matching quizzes found
Score Distribution
Percent of People with Each Score
Percentile by Number Answered
Your Score History
You have not taken this quiz